| 000 | 00867nam a2200229 i 4500 | ||
|---|---|---|---|
| 001 | 12637 | ||
| 003 | ES-MaACL | ||
| 005 | 20251010183316.0 | ||
| 007 | t| | ||
| 008 | 000000s1985 sp a s |||| | spa d | ||
| 020 | _a84-505-2045-2 | ||
| 080 | _a860-25"16" | ||
| 100 | 1 |
_aPoggio Monteverde, Juan Bautista. _992730 |
|
| 245 | 1 | 0 |
_aJuan Bautista Poggio Monteverde (1685-1985) _b: Tercer Centenario de Dos Loas del siglo XVII en La Palma / _cedición, notas y bibliografía de Rafael Fernández Hernández. |
| 260 |
_a[Santa Cruz de Tenerife] : _bGobierno de Canarias, Consejería de Cultura, _c1985. |
||
| 300 |
_a298 p. : _bil. ; _c21 cm. |
||
| 504 | _aBibliografía: p. 297-298. | ||
| 700 | 0 |
_aFernández Hernández, Rafael _949425 |
|
| 710 | 1 |
_aCanarias. _bConsejería de Cultura y Deportes. _9169400 |
|
| 852 |
_aES-MaACL _jL-20086 |
||
| 999 |
_c12637 _d12637 |
||